000
00211 a2200097 4500
001
45912
100
_a
Mackenzie F
245
_a
The amateur actor
260
_a
London
_b
Thomas nelson
_c
090
_c
29020
_d
29020
942
_a
NUST-CAE
_c
M
_c
21137
999
_c
280985
_d
280985